NFL Most Touchdowns in the Past 5 Years - Statistics

General Stats
  • This quiz has been taken 56 times
  • The average score is 17 of 25
Answer Stats
Hint Answer % Correct
Bills Diggs
89%
Dolphins Hill
89%
Packers Jones
85%
Jaguars Jones
85%
Chiefs Kelce
85%
Saints Kamara
83%
Titans Henry
80%
Vikings Cook
78%
Buccaneers Evans
78%
Cardinals Hopkins
76%
Raiders Adams
74%
Browns Chubb
72%
Rams Kupp
72%
Cowboys Elliott
70%
Seahawks Lockett
67%
Bengals Mixon
65%
Panthers McCaffrey
63%
Vikings Thielen
59%
Browns Cooper
57%
Chargers Ekeler
54%
Cardinals Conner
48%
Broncos Gordon
48%
Browns Hunt
43%
Saints Ingram
37%
Falcons Gurley
35%
No matching quizzes found
Score Distribution
Percent of People with Each Score
Percentile by Number Answered
Your Score History
You have not taken this quiz